| 000 | 01084nam a2200229Ia 4500 | ||
|---|---|---|---|
| 003 | OSt | ||
| 005 | 20210528122016.0 | ||
| 008 | 210310s1999 ck ad gr 000 0 spa d | ||
| 020 | _a9586081478 | ||
| 040 |
_aCO-JMCR _cCO-JMCR |
||
| 041 | 0 | _aspa | |
| 082 | 0 | 4 |
_a331.118 / _bm357M _223 |
| 110 | 2 |
_aColombia. _bMinisterio de Trabajo y Seguridad Social _97958 |
|
| 245 | 1 | 0 |
_aMedición y estrategias para el mejoramiento de la productividad / _cMinisterio de Trabajo y Seguridad Social |
| 260 |
_aBogotá : _bOrganización Internacional del Trabajo, _c1999. |
||
| 300 |
_a81 páginas : _bilustraciones y gráficas ; _c23 cm. |
||
| 504 | _aBibliografía : páginas81. | ||
| 505 | 0 | _aQué es la productividad. -- Por qué medir la productividad. -- Relación entre productividad y competitividad. -- La gestión de la productividad. -- Metodología de la medición y mejora de la productividad. -- Estrategias para el mejoramiento de la productividad en la empresa. | |
| 650 | 1 | 4 |
_aProductividad empresarial _938012 |
| 650 | 2 | 4 |
_aGestión de la productividad _938013 |
| 942 |
_2ddc _cBK |
||
| 999 |
_c11797 _d11797 |
||